[Event "Nizhnij Novgorod Dubinin Memorial 16th"]
[Site "Nizhnij Novgorod"]
[Date "2009.01.09"]
[Round "7"]
[White "Ivanov, Sergey B"]
[Black "Gorishniy, Yuri"]
[Result "1-0"]
[WhiteElo "2031"]
[BlackElo "2085"]
[PlyCount "37"]
[EventDate "2009.01.03"]
[EventType "swiss"]
[EventRounds "9"]
[EventCountry "RUS"]
[SourceTitle "EXT 2010"]
[Source "ChessBase"]
[SourceDate "2010.11.25"]
[SourceVersion "1"]
[SourceVersionDate "2010.11.25"]
[SourceQuality "1"]

1. Nf3 Nf6 2. g3 g6 3. Bg2 Bg7 4. 0-0 0-0 5. d4 d6 6. Nbd2 Nbd7 7. c3 e5 8. dxe5 dxe5 9. Qc2 Qe7 10. e4 b6 11. Re1 Bb7 12. b3 Rac8 13. a4 a6 14. Ba3 c5 15. Bf1 Ne8 16. Nh4 Nc7 17. Nc4 b5 18. Ne3 f5 19. exf5 1-0

[Event "Mikkeli We MikkSK"]
[Site "Mikkeli"]
[Date "2004.04.24"]
[Round "3"]
[White "Ivanov, Sergey B"]
[Black "Karttunen, Mika"]
[Result "0-1"]
[WhiteElo "2311"]
[BlackElo "2414"]
[PlyCount "54"]
[EventDate "2004.04.24"]
[EventType "swiss"]
[EventRounds "5"]
[EventCountry "FIN"]
[SourceTitle "EXT 2009"]
[Source "ChessBase"]
[SourceDate "2008.11.26"]
[SourceVersion "1"]
[SourceVersionDate "2008.11.26"]
[SourceQuality "1"]

1. e4 c5 2. Nf3 e6 3. d3 Nc6 4. g3 Nge7 5. Bg2 g6 6. 0-0 Bg7 7. c3 e5 8. Be3 d6 9. d4 exd4 10. cxd4 Bg4 11. dxc5 dxc5 12. Nbd2 b6 13. Nc4 0-0 14. Qc1 Nd4 15. Nxd4 cxd4 16. Bh6 Rc8 17. Bxg7 Kxg7 18. b3 b5 19. Qg5 bxc4 20. Qxg4 c3 21. f4 f5 22. Qd1 d3 23. e5 Qd4+ 24. Kh1 d2 25. Qc2 Nd5 26. Bxd5 Qxd5+ 27. Kg1 Qe4 0-1

[Event "Mikkeli We MikkSK"]
[Site "Mikkeli"]
[Date "2004.04.24"]
[Round "1"]
[White "Ivanov, Sergey B"]
[Black "Vehkalahti, Veli"]
[Result "1-0"]
[WhiteElo "2311"]
[BlackElo "2047"]
[PlyCount "83"]
[EventDate "2004.04.24"]
[EventType "swiss"]
[EventRounds "5"]
[EventCountry "FIN"]
[SourceTitle "EXT 2009"]
[Source "ChessBase"]
[SourceDate "2008.11.26"]
[SourceVersion "1"]
[SourceVersionDate "2008.11.26"]
[SourceQuality "1"]

1. e4 c5 2. Nf3 d6 3. d4 cxd4 4. Qxd4 Nc6 5. Bb5 Bd7 6. Bxc6 Bxc6 7. Nc3 e6 8. Bg5 Nf6 9. 0-0-0 Be7 10. Qd3 Qa5 11. Kb1 0-0-0 12. Bd2 Qb6 13. Be3 Qa5 14. Nd4 Kb8 15. f3 Nd7 16. Nb3 Qc7 17. Qd4 Nb6 18. Qxg7 Nc4 19. Bf2 Ne5 20. Qh6 Nc4 21. Nd2 Ne5 22. Qe3 b6 23. h3 Rhg8 24. g4 Nd7 25. Bg3 e5 26. Nb3 Rc8 27. Qe2 Nf8 28. Nd5 Bxd5 29. Rxd5 Ne6 30. Rhd1 Qc4 31. Qxc4 Rxc4 32. c3 Rc6 33. Nd2 Nc7 34. Rd3 Nb5 35. Nf1 Rgc8 36. Ne3 Rc5 37. Nf5 Bf8 38. a4 Nxc3+ 39. bxc3 Rxc3 40. R1d2 Rc1+ 41. Kb2 Rg1 42. Bf2 1-0

[Event "St Petersburg-chT "]
[Site "St Petersburg"]
[Date "2003.??.??"]
[Round "1"]
[White "Nadjezhdin, Dmitry"]
[Black "Ivanov, Sergey B"]
[Result "1-0"]
[WhiteElo "2205"]
[BlackElo "2311"]
[PlyCount "121"]
[EventDate "2003.??.??"]
[EventType "team"]
[EventRounds "9"]
[EventCountry "RUS"]
[SourceTitle "EXT 2005"]
[Source "ChessBase"]
[SourceDate "2004.11.15"]
[SourceVersion "1"]
[SourceVersionDate "2004.11.15"]
[SourceQuality "1"]

1. Nf3 d5 2. c4 e6 3. b3 b6 4. g3 Bb7 5. Bg2 dxc4 6. bxc4 c5 7. Bb2 Nf6 8. 0-0 Be7 9. e3 0-0 10. Ne5 Bxg2 11. Kxg2 Qc7 12. f4 Nfd7 13. Nf3 Bf6 14. Nc3 Nc6 15. Qe2 Nb4 16. a3 Na6 17. d3 Qc6 18. Kg1 Nc7 19. g4 g6 20. g5 Bg7 21. Ne4 f5 22. gxf6 Nxf6 23. Nxf6+ Bxf6 24. Ne5 Qd6 25. Rad1 Bxe5 26. Bxe5 Qe7 27. Qg4 Ne8 28. Rf2 Nf6 29. Qg5 Rf7 30. Rg2 Nd7 31. Bc3 Qxg5 32. Rxg5 Rf5 33. a4 Kf7 34. Kf2 Rf8 35. Rdg1 Ke7 36. Ke2 Rxg5 37. Rxg5 Kf7 38. Rg1 Re8 39. Rb1 e5 40. fxe5 Nxe5 41. Rf1+ Kg8 42. h3 Nd7 43. Rf4 Re7 44. Rg4 Kf7 45. Rg5 Ke6 46. Be1 Kd6 47. Rd5+ Kc6 48. Bg3 Kb7 49. Rd6 Ka6 50. Bh4 Rf7 51. Be1 Kb7 52. Re6 Nf6 53. Bh4 Nd7 54. Re8 Rg7 55. Be1 Rf7 56. Bc3 Nf6 57. Bxf6 Rxf6 58. Re7+ Kc6 59. Rxa7 h6 60. a5 bxa5 61. Rxa5 1-0

[Event "Sarkisov Memorial op"]
[Site "Krasnodar"]
[Date "2003.??.??"]
[Round "?"]
[White "Rakov, Valery"]
[Black "Ivanov, Sergey B"]
[Result "1-0"]
[WhiteElo "2175"]
[BlackElo "2311"]
[PlyCount "75"]
[EventDate "2003.??.??"]
[EventType "swiss"]
[EventRounds "9"]
[EventCountry "RUS"]
[SourceTitle "EXT 2005"]
[Source "ChessBase"]
[SourceDate "2004.11.15"]
[SourceVersion "1"]
[SourceVersionDate "2004.11.15"]
[SourceQuality "1"]

1. Nf3 d5 2. g3 Nf6 3. Bg2 c5 4. 0-0 Nc6 5. c4 e6 6. b3 Be7 7. Bb2 0-0 8. e3 dxc4 9. bxc4 Qd3 10. Qc1 Nd7 11. Ne1 Qd6 12. Nc3 Nf6 13. d4 cxd4 14. Nb5 Qd8 15. Nxd4 Bd7 16. Nef3 Rc8 17. Rd1 Nxd4 18. exd4 Qc7 19. Ne5 Ba4 20. Re1 Nd7 21. Bf1 Nxe5 22. dxe5 Rfd8 23. Ba3 b6 24. h4 Bc6 25. Bxe7 Qxe7 26. Qf4 Ba8 27. Bg2 Bxg2 28. Kxg2 Qc5 29. Re4 Rd3 30. h5 h6 31. Rh1 Rc3 32. Rh4 Rc2 33. Rg4 Rxa2 34. Qf6 Qf8 35. Qxh6 Rxc4 36. Rxc4 Qa8+ 37. Kg1 Ra1+ 38. Rc1 1-0

[Event "St Petersburg-chT "]
[Site "St Petersburg"]
[Date "2003.??.??"]
[Round "2"]
[White "Yakovlev, Yuri S"]
[Black "Ivanov, Sergey B"]
[Result "1-0"]
[WhiteElo "2035"]
[BlackElo "2311"]
[PlyCount "115"]
[EventDate "2003.??.??"]
[EventType "team"]
[EventRounds "9"]
[EventCountry "RUS"]
[SourceTitle "EXT 2005"]
[Source "ChessBase"]
[SourceDate "2004.11.15"]
[SourceVersion "1"]
[SourceVersionDate "2004.11.15"]
[SourceQuality "1"]

1. d4 d5 2. c4 dxc4 3. Nf3 e6 4. e3 a6 5. Bxc4 b5 6. Bd3 Bb7 7. 0-0 Nf6 8. Qe2 Nbd7 9. a4 b4 10. Nbd2 c5 11. Nc4 Be7 12. b3 0-0 13. Bb2 Ne4 14. Rad1 Qc7 15. Nfe5 Rad8 16. Nxd7 Rxd7 17. Ne5 Rd6 18. Bxe4 Bxe4 19. dxc5 Rxd1 20. Rxd1 Bxc5 21. Qxa6 Bxe3 22. Qe2 Qc2 23. Re1 Bd2 24. Qxe4 Qxb2 25. Nc4 Qc3 26. Nxd2 Qxd2 27. a5 Qd6 28. Ra1 Rd8 29. h4 f5 30. Qb7 Qd4 31. Rc1 Qxh4 32. Rc8 Qd4 33. Rxd8+ Qxd8 34. Qxb4 Qd1+ 35. Kh2 Qh5+ 36. Kg1 Qd1+ 37. Kh2 Qh5+ 38. Kg3 g5 39. f3 f4+ 40. Kf2 Qh4+ 41. Ke2 Qh1 42. Qb8+ Kf7 43. Qc7+ Kf6 44. Qd8+ Kf5 45. Qd3+ Kf6 46. Qd4+ Kf5 47. Kf2 Qh4+ 48. Kf1 e5 49. Qe4+ Ke6 50. a6 Qh1+ 51. Kf2 Qa1 52. Qc6+ Kf5 53. Qd7+ Kf6 54. a7 Qb2+ 55. Kg1 Qc1+ 56. Kh2 Qe1 57. Qh3 Qa5 58. Qh6+ 1-0

[Event "RUS-ch 1/2 fin"]
[Site "Krasnodar"]
[Date "2002.??.??"]
[Round "?"]
[White "Ivanov, Sergey B"]
[Black "Staroverov, Alexey"]
[Result "0-1"]
[WhiteElo "2311"]
[BlackElo "2284"]
[PlyCount "58"]
[EventDate "2002.??.??"]
[EventType "swiss"]
[EventRounds "9"]
[EventCountry "RUS"]
[SourceTitle "EXT 2003"]
[Source "ChessBase"]
[SourceDate "2002.11.25"]
[SourceVersion "1"]
[SourceVersionDate "2002.11.25"]
[SourceQuality "1"]

1. d4 Nf6 2. Nf3 c5 3. c4 cxd4 4. Nxd4 Qc7 5. e3 g6 6. b3 Bg7 7. Bb2 0-0 8. Be2 a6 9. 0-0 d6 10. Nc3 e6 11. Bf3 Nbd7 12. Rc1 Ne5 13. Ne4 Nxf3+ 14. Qxf3 Nxe4 15. Qxe4 e5 16. Ne2 Bf5 17. Qd5 b5 18. Rfd1 Qa5 19. a3 Be6 20. Qxd6 bxc4 21. b4 Qd8 22. Bxe5 Qxd6 23. Bxd6 Rfd8 24. Be7 Rxd1+ 25. Rxd1 c3 26. Re1 c2 27. Bc5 Bc4 28. Bd4 Bxe2 29. Rc1 Bd1 0-1

[Event "RUS-ch 1/2 fin"]
[Site "Krasnodar"]
[Date "2002.??.??"]
[Round "?"]
[White "Konovalov, Eduard"]
[Black "Ivanov, Sergey B"]
[Result "1/2-1/2"]
[WhiteElo "2244"]
[BlackElo "2311"]
[PlyCount "49"]
[EventDate "2002.??.??"]
[EventType "swiss"]
[EventRounds "9"]
[EventCountry "RUS"]
[SourceTitle "EXT 2003"]
[Source "ChessBase"]
[SourceDate "2002.11.25"]
[SourceVersion "1"]
[SourceVersionDate "2002.11.25"]
[SourceQuality "1"]

1. c4 e6 2. Nc3 d5 3. d4 Nf6 4. Nf3 c6 5. cxd5 exd5 6. Bg5 Be7 7. Qc2 Nbd7 8. e3 0-0 9. Bd3 Re8 10. 0-0 Nf8 11. Ne5 Ng6 12. Bxg6 hxg6 13. Rab1 Ng4 14. Bxe7 Qxe7 15. h3 Nh6 16. b4 Qg5 17. Kh2 a6 18. a4 Bd7 19. b5 axb5 20. axb5 Ra3 21. bxc6 bxc6 22. Ra1 Bxh3 23. gxh3 Ng4+ 24. hxg4 Qh4+ 25. Kg2 1/2-1/2

[Event "RUS-ch sf"]
[Site "Gatchina"]
[Date "2001.??.??"]
[Round "8"]
[White "Solozhentseva, Anna"]
[Black "Ivanov, Sergey B"]
[Result "0-1"]
[WhiteElo "2094"]
[BlackElo "2341"]
[PlyCount "22"]
[EventDate "2001.??.??"]
[EventType "swiss"]
[EventRounds "9"]
[EventCountry "RUS"]
[SourceTitle "EXT 2002"]
[Source "ChessBase"]
[SourceDate "2001.11.25"]
[SourceVersion "1"]
[SourceVersionDate "2001.11.25"]
[SourceQuality "1"]

1. d4 Nf6 2. c4 e5 3. dxe5 Ng4 4. Qd4 d6 5. exd6 Bxd6 6. Qxg7 Be5 7. Qg5 Qxg5 8. Bxg5 Bxb2 9. h3 Ne5 10. f4 h6 11. Nd2 Bxa1 0-1